000 00603nam a2200181Ia 4500
005 20250508151321.0
008 008 250505s9999 xx 000 0 eng d
037 _aTextual
040 _aFEDL
_beng
_cFEDL
041 _aeng
_2eng
084 _a374, JES
_qFEDL
100 _aJessup Frank W Ed.
_9758852
245 0 _aAdult education towards social and political responsibility: International conference held from the 8th the 13 th september, 1952
260 _aHamburg
_bUNESCO Institute for Education
_c1953
300 _a143p.
942 _cTEXL
_h374, JES
999 _c1329020
_d1329020